Сучасні тенденції розвитку освіти у Великобританії (Запис № 285357)

МАРК-запис
000 -LEADER
fixed length control field 01624nam a22001577a 4500
041 ## - LANGUAGE CODE
Language code of text/sound track or separate title ukr
080 ## - UNIVERSAL DECIMAL CLASSIFICATION NUMBER
Universal Decimal Classification number 09
090 ## - LOCALLY ASSIGNED LC-TYPE CALL NUMBER (OCLC); LOCAL CALL NUMBER (OCLC)
Local cutter number (OCLC) ; Book number/undivided call number, CALL (RLIN) ТЕР
100 ## - MAIN ENTRY--PERSONAL NAME
Personal name Терентьєва, І. В.
245 ## - TITLE STATEMENT
Title Сучасні тенденції розвитку освіти у Великобританії
260 ## - PUBLICATION, DISTRIBUTION, ETC. (IMPRINT)
Place of publication, distribution, etc Острог
Name of publisher, distributor, etc КАФ
Date of publication, distribution, etc 2013
300 ## - PHYSICAL DESCRIPTION
Extent 106
520 ## - SUMMARY, ETC.
Summary, etc Вступ.<br/>Розділ І. Особливості розвитку освіти у Великобританії.<br/>1.1. Історія освітніх закладів<br/>1.2. Характеристика особливостей стану і тенденцій розвитку освіти<br/>Розділ ІІ. Сучасні принципи та механізми освітніх реформ.<br/>2.1. Початкова та середня освіта<br/>2.2. Система подальшої та вищої освіти<br/>Розділ ІІІ. Проблематика, реформи та загальна характеристика.<br/>3.1. Характеристика та види університетів та політехнічних вузів<br/>3.2. Реформи вищої школи<br/>3.3. Система педагогічної освіти у Великобританії<br/>Розділ IV. Охорона праці та безпека в надзвичайних ситуаціях.<br/>4.1. Виробничі шкідливі фактори та їх усунення<br/>Висновки.<br/>Додатки.<br/>Список використаної літератури
-- Великобританія, освіта
650 ## - SUBJECT ADDED ENTRY--TOPICAL TERM
Topical term or geographic name as entry element Research Papers
942 ## - ADDED ENTRY ELEMENTS (KOHA)
Koha item type Книги
Фонди
Withdrawn status Lost status Source of classification or shelving scheme Damaged status Not for loan Home library Current library Date acquired Source of acquisition Cost, normal purchase price Total Checkouts Full call number Barcode Date last seen Price effective from Koha item type
    Universal Decimal Classification     ВІЛ - Відділ іноземн. літератури НБ ВІЛ - Відділ іноземн. літератури НБ 12/06/2013 Акт №7 1.00   09 215290 09/11/2021 12/06/2013 Книги